01032nam a2200241 a 450000100100000000500170001000800410002702000150006804000250008308200150010810000500012324501450017326000470031830000360036549000210040150000730042250000700049550400310056570000340059683000300063095201130066099900170077300004392020201002045038.0140508s1996 sp ac 000 0 spa d a8487169848 aDO-SdBNPbspacBNPHU axxxxbxxxx1 aSánchez Noriega, José Luis,d1957-97182910aDesde que los Lumiére filmaron a los obreros :bel mundo del trabajo en el cine /cJosé Luis Sánchez Noriega ; prólogo Antonio Lara. aMóstoles, Madrid :bNossa y Jara,c1996. a400 p. :bil., retrs. ;c21 cm.1 aMadre tierrav12 aIncluye referencias bibliográficas y notas al pie de las páginas aIncluye datos biográficos del autor en la solapa de la cubierta aBibliografía: p. 394-39612aLara, Antonioepról.971830 0aMadre tierra ;n12971831 001050718MOaGRbGRcCTd2014-05-08iLF1l0oxxxx xxxxp43920-10r2020-06-25w2020-06-25y1ZNo se presta c43409d43409